Geography Quiz

Random Geography or City Quiz

Closest Capitals to the Leaning Tower of Pisa Quiz Stats

 Plays Quiz not verified by Sporcle

Score 0/24 Timer 03:00
0 Plays Today
Rank # Capital City % Correct
4Rome
97%
1San Marino
94%
20Paris
92.5%
7Bern
91%
10Vienna
91%
3Vatican City
89.6%
2Monaco
89.6%
8Zagreb
88.1%
17Budapest
88.1%
24Valletta
85.1%
6Ljubljana
85.1%
16Prague
85.1%
Rank # Capital City % Correct
11Bratislava
83.6%
5Vaduz
82.1%
9Sarajevo
82.1%
18Belgrade
80.6%
22Brussels
77.6%
21Pristina
74.6%
19Tirana
74.6%
12Luxembourg
74.6%
14Podgorica
73.1%
23Skopje
73.1%
13Andorra la Vella
71.6%
15Tunis
61.2%

You're not logged in!

Compare scores with friends on all Sporcle quizzes.
OR
Log In

Sporcle TV

Today on Sporcle TV


Watch our educational content, quiz creation guides, and fun videos on Sporcle TV.

Show Comments

Extras

Top Quizzes Today


Score Distribution

Your Account Isn't Verified!

In order to create a playlist on Sporcle, you need to verify the email address you used during registration. Go to your Sporcle Settings to finish the process.

Report this User

Report this user for behavior that violates our Community Guidelines.

Details: